Movimientos religiosos modernos (Registro nro. 57671)

Detalles MARC
000 -CABECERA
Longitud fija campo de control 01131nam a2200325 4500
003 - • IDENTIFICADOR DELl NÚMERO DE CONTROL
Identificador del número de control CO-BoRNBP
005 - • FECHA Y HORA DE LA ÚLTIMA TRANSACCIÓN
Fecha y hora de la última transacción 20250718165623.0
007 - • CAMPO FIJO DE DESCRIPCIÓN FÍSICA
Campo fijo de descripción física ta
008 - • CÓDIGOS DE INFORMACIÓN DE LONGITUD FIJA
Códigos de información de longitud fija 920729s1982 sp a 0 spa
017 ## - NÚMERO DE COPYRIGHT O DE DEPÓSITO LEGAL
Número de copyright o de depósito legal M 24868-1982
Agencia que asigna el número Oficina Depósito Legal Madrid
020 ## - • NÚMERO INTERNACIONAL NORMALIZADO PARA LIBROS
Número Internacional Normalizado para Libros (ISBN) 8434579022
040 ## - FUENTE DE LA CATALOGACIÓN
Centro catalogador de origen IBH
Lengua de catalogación spa
Centro transcriptor SpMaBN
Normas de descripción rdc
080 ## - NÚMERO DE LA CLASIFICACIÓN DECIMAL UNIVERSAL
Número de la Clasificación Decimal Universal 28/29"19"(23)
100 1# - • PUNTO DE ACCESO PRINCIPAL-NOMBRE DE PERSONA
Nombre de persona Cardín, Alberto
Fechas asociadas al nombre 1948-1992
245 10 - • TITULO PROPIAMENTE DICHO
Título Movimientos religiosos modernos
Medio [Texto impreso]
Mención de responsabilidad, etc. Alberto Cardín
250 ## - • MENCIÓN DE EDICIÓN
Mención de edición 1a. edición
300 ## - • DESCRIPCIÓN FÍSICA
Extensión 64 p.
Otras características físicas il. neg. y col.
Dimensiones 19x22 cm
336 ## - TIPO DE CONTENIDO
Fuente rdacontent
Término de tipo de contenido texto
Código de tipo de contenido txt
337 ## - TIPO DE MEDIO
Fuente rdamedia
Nombre del tipo de medio sin mediación
Código del tipo de medio n
338 ## - TIPO DE SOPORTE
Fuente rdacarrier
Nombre del tipo de soporte volumen
Código del tipo de soporte nc
490 0# - • MENCIÓN DE SERIE
Mención de serie Colección Salvat Temas clave
Designación de volumen o secuencia 93
504 ## - • NOTA DE BIBLIOGRAFÍA, ETC
Nota de bibliografía, etc. Bibliografía: p. 69. Índice
650 #7 - • PUNTO DE ACCESO ADICIONAL DE MATERIA - TÉRMINO DE MATERIA
Término de materia o nombre geográfico como elemento inicial Sectas
Subdivisión de forma Obras de divulgación
Fuente del encabezamiento o término embne
650 #6 - • PUNTO DE ACCESO ADICIONAL DE MATERIA - TÉRMINO DE MATERIA
Término de materia o nombre geográfico como elemento inicial Religiones
Subdivisión de materia general Historia
Subdivisión cronológica S.XX
Subdivisión de forma Obras de divulgación
Fuente del encabezamiento o término embne
942 ## - ENTRADA DE ELEMENTOS AGREGADOS (KOHA)
Fuente de clasificaión o esquema Dewey Decimal Classification
Koha [por defecto] tipo de item LIbro
956 ## - LOCALIZACIÓN Y ACCESO ELECTRÓNICO LOCAL (OCLC)
Nombre de la fuente 1 2
980 ## - EQUIVALENCIA O SECCIÓN-REFERENCIA-INFORME SERIES--NOMBRE / TÍTULO DE PERSONA [LOCAL, CANADA]
Nombre personal M 24868-1982
-- 84-345-7902-2
-- SpMaBN
Numeración BNMADRID
Atributo cualificador 4/195187
T&íacute;tulos u otras palabras asociadas a nombre SG_RECOLET
980 ## - EQUIVALENCIA O SECCIÓN-REFERENCIA-INFORME SERIES--NOMBRE / TÍTULO DE PERSONA [LOCAL, CANADA]
Nombre personal M 24868-1982
-- 84-345-7902-2
-- SpMaBN
Numeración BNALCALA
Atributo cualificador DL/194404
T&íacute;tulos u otras palabras asociadas a nombre CONSERVACI
Existencias
Perdido Fuente de clasificación o esquema Estado Físico No para préstamo Forma de adquisición Localización permanente Localización actual Localización en estanterías Fecha adquisición Préstamos totales Código de barras Fecha última consulta Número de copia Fecha del precio de reemplazo Tipo de item de Koha
  Dewey Decimal Classification     Colección General Biblioteca Pública Lejanias Biblioteca Pública Lejanias General 07/18/2025   LEJ00799 07/18/2025 Ej.1 07/18/2025 LIbro









Instituto Departamental de Cultura del Meta - Red Departamental de Bibliotecas Públicas del Meta.